000 00700nam a2200229 a 4500
999 _c3723
_d3723
001 3723
003 BD-JhCC
005 20171123131546.0
008 171116s1964 bg |||| ||a| 000 0 ben d
035 _a(BD-JhCC) 3723
040 _aBD-JhCC
_dBD-JhCC
041 _aben
082 _a297.18
_bAHM 1964
100 _aআহমদ, আবুযযোহা নূর
245 _aহযরত রাবিয়া বসরী /
_cআবুযযোহা নূর আহমদ
260 _aঢাকা :
_bআহমদ পাবলিশিং হাউস ,
_c1964
300 _a45 p .:
_c17 cm .
600 _aRabeya Basri
650 _aMuslim legend
942 _2ddc
_cBK